<?xml version="1.0" encoding="UTF-8"?><?xml-stylesheet type="text/xsl" href="static/style.xsl"?><OAI-PMH xmlns="http://www.openarchives.org/OAI/2.0/" xmlns:xsi="http://www.w3.org/2001/XMLSchema-instance" xsi:schemaLocation="http://www.openarchives.org/OAI/2.0/ http://www.openarchives.org/OAI/2.0/OAI-PMH.xsd"><responseDate>2026-05-17T00:20:36Z</responseDate><request verb="GetRecord" identifier="oai:repisalud.isciii.es:20.500.12105/26836" metadataPrefix="marc">https://repisalud.isciii.es/rest/oai/request</request><GetRecord><record><header><identifier>oai:repisalud.isciii.es:20.500.12105/26836</identifier><datestamp>2025-12-18T12:57:27Z</datestamp><setSpec>com_20.500.12105_19586</setSpec><setSpec>com_20.500.12105_2202</setSpec><setSpec>col_20.500.12105_19587</setSpec></header><metadata><record xmlns="http://www.loc.gov/MARC21/slim" xmlns:dcterms="http://purl.org/dc/terms/" xmlns:doc="http://www.lyncode.com/xoai" xmlns:xsi="http://www.w3.org/2001/XMLSchema-instance" xsi:schemaLocation="http://www.loc.gov/MARC21/slim http://www.loc.gov/standards/marcxml/schema/MARC21slim.xsd">
   <leader>00925njm 22002777a 4500</leader>
   <datafield ind2=" " ind1=" " tag="042">
      <subfield code="a">dc</subfield>
   </datafield>
   <datafield ind2=" " ind1=" " tag="720">
      <subfield code="a">Maurer, Mathew S</subfield>
      <subfield code="e">author</subfield>
   </datafield>
   <datafield ind2=" " ind1=" " tag="720">
      <subfield code="a">Witteles, Ronald M</subfield>
      <subfield code="e">author</subfield>
   </datafield>
   <datafield ind2=" " ind1=" " tag="720">
      <subfield code="a">Garcia-Pavia, Pablo</subfield>
      <subfield code="e">author</subfield>
   </datafield>
   <datafield ind2=" " ind1=" " tag="720">
      <subfield code="a">Sheikh, Farooq H</subfield>
      <subfield code="e">author</subfield>
   </datafield>
   <datafield ind2=" " ind1=" " tag="720">
      <subfield code="a">Morbach, Caroline</subfield>
      <subfield code="e">author</subfield>
   </datafield>
   <datafield ind2=" " ind1=" " tag="720">
      <subfield code="a">Rodriguez Duque, Daniel</subfield>
      <subfield code="e">author</subfield>
   </datafield>
   <datafield ind2=" " ind1=" " tag="720">
      <subfield code="a">Aldinc, Emre</subfield>
      <subfield code="e">author</subfield>
   </datafield>
   <datafield ind2=" " ind1=" " tag="720">
      <subfield code="a">Eraly, Satish A</subfield>
      <subfield code="e">author</subfield>
   </datafield>
   <datafield ind2=" " ind1=" " tag="720">
      <subfield code="a">Gillmore, Julian D</subfield>
      <subfield code="e">author</subfield>
   </datafield>
   <datafield ind2=" " ind1=" " tag="260">
      <subfield code="c">2025-05-27</subfield>
   </datafield>
   <datafield ind2=" " ind1=" " tag="520">
      <subfield code="a">Vutrisiran reduced the risk of all-cause mortality (ACM) and recurrent cardiovascular (CV) events in patients with transthyretin amyloidosis with cardiomyopathy (ATTR-CM) in HELIOS-B (A Study to Evaluate Vutrisiran in Patients With Transthyretin Amyloidosis With Cardiomyopathy; NCT04153149). This study sought to assess the effect of vutrisiran in HELIOS-B patients with different heart failure severities. HELIOS-B randomized patients with ATTR-CM with NYHA functional class I-III (functional class IV or functional class III with National Amyloidosis Centre [NAC] stage 3 were excluded) 1:1 to vutrisiran 25 mg or placebo every 3 months for up to 36 months. This exploratory subgroup analysis assessed the primary composite endpoint of ACM and recurrent CV events, ACM, and additional functional and biomarker endpoints. Of 654 patients, 84 (13%), 508 (78%), and 62 (9%) were in NYHA functional class I, II, and III, respectively. Median baseline N-terminal pro-B-type natriuretic peptide (NT-proBNP) level was 1,920 ng/L. Lower risk of ACM and recurrent CV events was observed with vutrisiran vs placebo across baseline severity subgroups: respective HRs were 0.54 (95% CI: 0.27-1.10), 0.77 (95% CI: 0.57-1.03), and 0.68 (95% CI: 0.33-1.41) in NYHA functional classes I, II, and III, respectively; 0.52 (95% CI: 0.30-0.88), 0.61 (95% CI: 0.37-1.00), and 0.93 (95% CI: 0.64-1.35) in NT-proBNP tertiles &lt;1,368 ng/L, ≥1,368 and &lt;2,691 ng/L, and ≥2,691 ng/L; 0.49 (95% CI: 0.34-0.72) and 1.08 (95% CI: 0.74-1.56) in NAC stages 1 and 2/3, respectively; and 0.69 (95% CI: 0.45-1.07) and 0.74 (95% CI: 0.53-1.02) in Columbia early and intermediate/late stages, respectively. Similar effects were observed in the monotherapy population (patients not on tafamidis at baseline) and across the additional endpoints evaluated. Vutrisiran demonstrated evidence of benefit across the range of baseline disease severities in HELIOS-B, with the greatest benefit in earlier, less severe disease. (A Study to Evaluate Vutrisiran in Patients With Transthyretin Amyloidosis With Cardiomyopathy [HELIOS-B]; NCT04153149).</subfield>
   </datafield>
   <datafield ind1="8" ind2=" " tag="024">
      <subfield code="a">J Am Coll Cardiol. 2025 May 27;85(20):1927-1939.</subfield>
   </datafield>
   <datafield ind1="8" ind2=" " tag="024">
      <subfield code="a">Journal of the American College of Cardiology</subfield>
   </datafield>
   <datafield ind1="8" ind2=" " tag="024">
      <subfield code="a">40099776</subfield>
   </datafield>
   <datafield ind1="8" ind2=" " tag="024">
      <subfield code="a">https://hdl.handle.net/20.500.12105/26836</subfield>
   </datafield>
   <datafield tag="653" ind2=" " ind1=" ">
      <subfield code="a">ATTR</subfield>
   </datafield>
   <datafield tag="653" ind2=" " ind1=" ">
      <subfield code="a">cardiac</subfield>
   </datafield>
   <datafield tag="653" ind2=" " ind1=" ">
      <subfield code="a">heart failure</subfield>
   </datafield>
   <datafield tag="653" ind2=" " ind1=" ">
      <subfield code="a">physical functioning</subfield>
   </datafield>
   <datafield ind2="0" ind1="0" tag="245">
      <subfield code="a">Impact of Heart Failure Severity on Vutrisiran Efficacy in Transthyretin Amyloidosis With Cardiomyopathy.</subfield>
   </datafield>
</record></metadata></record></GetRecord></OAI-PMH>